000 00336cam a22001217a 4500
008 180718b1959 xxu||||| |||| 00| 0 eng d
082 _aA6x5412 B651
100 _aBose, Nirmal Kumar
245 _aModern Bengal
_cby Nirmal Kumar Bose
260 _aCalifornia
_bUniversity of California
_c1959
300 _a67p.
650 _aModern- Bengal
999 _c412433
_d412433